Statistics for 使用最久的中國年號 The Longest Running Chinese Era Names

Click here to take the quiz!

General Stats

  • This quiz has been taken 57 times
  • The average score is 9 of 15

Answer Stats

朝代 Dynasty起訖時間 Year (AD)使用時間 Duration (年/years)年號 Era Name% Correct
清 Qing1662 - 172261康熙 Kangxi
96%
清 Qing1736 - 179560乾隆 Qianlong
95%
明 Ming1573 - 162048萬曆 Wanli
80%
清 Qing1875 - 190834光緒 Guangxu
78%
明 Ming1522 - 156645嘉靖 Jiajing
75%
清 Qing1796 - 182025嘉慶 Jiaqing
75%
明 Ming1368 - 139831洪武 Hongwu
71%
清 Qing1821 - 185030道光 Daoguang
69%
唐 Tang713 - 74129開元 Kaiyuan
62%
南宋 Southern Song1131 - 116232紹興 Shaoxing
38%
元 Yuan1341 - 137030至正 Zhizheng
35%
南朝宋 Southern Dynasty Song424 - 45330元嘉 Yuanjia
33%
元 Yuan1264 - 129431至元 Zhiyuan
33%
金 Jin1161 - 118929大定 Dading
22%
東漢 Eastern Han25 - 5632建武 Jianwu
20%

Score Distribution

Percentile by Number Answered

Percent of People with Each Score

Your Score History

You have not taken this quiz